| 000 | 00591nam a2200205Ia 4500 | ||
|---|---|---|---|
| 005 | 20250326143938.0 | ||
| 008 | 250326s9999 xx 000 0 und d | ||
| 020 | _a0-415-36346-2 | ||
| 037 | _aTextbook | ||
| 040 |
_aFMSL _beng _cFMSL |
||
| 041 |
_aeng _2eng |
||
| 084 |
_aG:55 P6 _qFMSL |
||
| 100 | _aJha Raghbendra | ||
| 245 | 0 |
_aEnvironmental sustainbility : comsuption approach _cJha Raghbendra; Murthy K V Bhanu |
|
| 260 |
_aLondon _bLondon, Routledge _c2006 |
||
| 300 | _ax,235 | ||
| 365 | _b464999.06999999995 | ||
| 942 |
_cTB _hG:55 P6 |
||
| 999 |
_c1301723 _d1301723 |
||